000
00154 a2200073 4500
020
_a
9781444123609
082
_a
650.14 MAN
245
_a
GET THE CAREER YOU WANT
999
_c
792253
_d
792252
942
_w
223
_x
Zanele Mgwenya
_y
223
_z
Zanele Mgwenya